[Event "Curitiba Sul Regional-ch"]
[Site "Curitiba"]
[Date "2015.07.12"]
[Round "5"]
[White "Braga, Camila Ferreira"]
[Black "Malanowski, Lara Carolina"]
[Result "0-1"]
[WhiteElo "1604"]
[BlackElo "1555"]
[PlyCount "44"]
[EventDate "2015.07.10"]
[EventType "swiss"]
[EventRounds "6"]
[EventCountry "BRA"]
[SourceTitle "EXT 2017"]
[Source "ChessBase"]
[SourceDate "2016.10.25"]
[SourceVersion "1"]
[SourceVersionDate "2016.10.25"]
[SourceQuality "1"]

1. d4 Nf6 2. c4 g6 3. Nc3 d5 4. e3 Bg7 5. Nf3 c6 6. Be2 0-0 7. 0-0 Bg4 8. Ne5 Bxe2 9. Qxe2 Qc7 10. e4 Rd8 11. Rd1 Nxe4 12. Nxe4 dxe4 13. Bf4 Qb6 14. c5 Qb4 15. Qd2 Qxd2 16. Rxd2 Nd7 17. Rad1 f5 18. Nxd7 Rxd7 19. Be5 Rad8 20. Bxg7 Kxg7 21. Kf1 e5 22. Re1 exd4 0-1

[Event "Curitiba Sul Regional-ch"]
[Site "Curitiba"]
[Date "2015.07.12"]
[Round "6"]
[White "Carneiro, Ryan Vaz"]
[Black "Braga, Camila Ferreira"]
[Result "0-1"]
[WhiteElo "1798"]
[BlackElo "1604"]
[PlyCount "66"]
[EventDate "2015.07.10"]
[EventType "swiss"]
[EventRounds "6"]
[EventCountry "BRA"]
[SourceTitle "EXT 2017"]
[Source "ChessBase"]
[SourceDate "2016.10.25"]
[SourceVersion "1"]
[SourceVersionDate "2016.10.25"]
[SourceQuality "1"]

1. d4 d5 2. g3 e6 3. Nf3 Nf6 4. Bg2 c6 5. 0-0 Be7 6. c4 Nbd7 7. cxd5 exd5 8. Qc2 Ne4 9. Nc3 Ndf6 10. Nxe4 Nxe4 11. Ne5 Ng5 12. Bxg5 Bxg5 13. Qc3 0-0 14. Rfe1 Be6 15. e4 Rc8 16. exd5 cxd5 17. Qd2 Bxd2 18. Re2 Bg5 19. Nf3 Bg4 20. Ree1 Bxf3 21. Bxf3 Rc2 22. b3 Re8 23. Rxe8+ Qxe8 24. Bxd5 Rc1+ 25. Rxc1 Bxc1 26. Bxb7 Qe1+ 27. Kg2 Qb4 28. d5 Qxb7 29. h3 Qxd5+ 30. f3 Qd2+ 31. Kh1 Qe1+ 32. Kh2 Be3 33. g4 Qg1# 0-1

[Event "Foz do Iguacu Regional-ch"]
[Site "Foz do Iguacu"]
[Date "2014.01.24"]
[Round "5"]
[White "Facchi, Julia Cristina"]
[Black "Braga, Camila Ferreira"]
[Result "1-0"]
[WhiteElo "1800"]
[BlackElo "1737"]
[PlyCount "79"]
[EventDate "2014.01.22"]
[EventType "swiss"]
[EventRounds "7"]
[EventCountry "BRA"]
[SourceTitle "CBM 158 Extra"]
[Source "ChessBase"]
[SourceDate "2014.02.28"]
[SourceVersion "1"]
[SourceVersionDate "2014.02.28"]
[SourceQuality "1"]

1. d4 d5 2. Nf3 Nf6 3. Bf4 e6 4. c3 Bd6 5. e3 Bxf4 6. exf4 Nc6 7. Nbd2 0-0 8. Bd3 Qd6 9. g3 Ne7 10. 0-0 Nf5 11. Qc2 g6 12. Rfe1 Re8 13. b4 b6 14. Ne5 Bd7 15. b5 c6 16. bxc6 Bxc6 17. Qb3 Rac8 18. Nxc6 Qxc6 19. Bb5 Qxc3 20. Qxc3 Rxc3 21. Bxe8 Nxe8 22. Nb3 Rc2 23. Rec1 Re2 24. Kf1 Rb2 25. Rc8 Kf8 26. Ra8 a5 27. Ra6 a4 28. Rxa4 b5 29. Ra8 Ke7 30. Rc1 Ned6 31. Rc7+ Kf6 32. g4 Nh4 33. g5+ Kf5 34. Rd7 Ne4 35. Rxf7+ Kg4 36. Nc5 Kf3 37. Ra3+ Kg4 38. Nxe4 dxe4 39. Rg3+ Kh5 40. Rxh7# 1-0

[Event "Foz do Iguacu Regional-ch"]
[Site "Foz do Iguacu"]
[Date "2014.01.23"]
[Round "3"]
[White "Braga, Camila Ferreira"]
[Black "Finkler, Bruna Kastner Olivi"]
[Result "0-1"]
[WhiteElo "1737"]
[BlackElo "1805"]
[PlyCount "36"]
[EventDate "2014.01.22"]
[EventType "swiss"]
[EventRounds "7"]
[EventCountry "BRA"]
[SourceTitle "CBM 158 Extra"]
[Source "ChessBase"]
[SourceDate "2014.02.28"]
[SourceVersion "1"]
[SourceVersionDate "2014.02.28"]
[SourceQuality "1"]

1. d4 d5 2. c4 Nf6 3. e3 Nc6 4. Nf3 Bg4 5. cxd5 Qxd5 6. Be2 0-0-0 7. Nc3 Qd7 8. 0-0 e6 9. Ne5 Nxe5 10. dxe5 Qxd1 11. Bxd1 Bxd1 12. Rxd1 Rxd1+ 13. Nxd1 Nd5 14. b3 Bc5 15. Bb2 Rd8 16. f4 Nxe3 17. Nf2 Ng4 18. Rf1 Rd2 0-1

[Event "Foz do Iguacu op 3rd"]
[Site "Foz do Iguacu"]
[Date "2013.06.01"]
[Round "3"]
[White "Braga, Camila Ferreira"]
[Black "De Campos Filho, Sergio Luis"]
[Result "0-1"]
[WhiteElo "1790"]
[BlackElo "1840"]
[PlyCount "34"]
[EventDate "2013.05.31"]
[EventType "swiss"]
[EventRounds "6"]
[EventCountry "BRA"]
[SourceTitle "CBM 154 Extra"]
[Source "ChessBase"]
[SourceDate "2013.06.25"]
[SourceVersion "2"]
[SourceVersionDate "2013.06.25"]
[SourceQuality "1"]

1. d4 Nf6 2. c4 g6 3. Nc3 Bg7 4. Bf4 d6 5. e3 0-0 6. Bd3 Nbd7 7. Qc2 Re8 8. Bg3 e5 9. Nge2 Nh5 10. 0-0-0 c6 11. f4 exd4 12. exd4 f5 13. Bf2 Bh6 14. g3 a6 15. a3 d5 16. b3 b5 17. Be3 Rxe3 0-1